| Tag |
First Indicator |
Second Indicator |
Subfields |
| LEADER |
00000cam a22000008a 4500 |
| 001 |
in00000071325 |
| 005 |
20151008062151.0 |
| 008 |
810211s1981 nju b 00010 eng |
| 010 |
|
|
|a 81000924
|
| 020 |
|
|
|a 091436619X :
|c $18.00
|
| 035 |
|
|
|a (OCoLC)07282336
|
| 035 |
|
|
|9 AAJ9654AM
|
| 039 |
0 |
|
|a 2
|b 3
|c 3
|d 3
|e 3
|
| 040 |
|
|
|a DLC
|c DLC
|d TXA
|d UtOrBLW
|
| 049 |
|
|
|a TXAM
|c [1195673]
|
| 050 |
0 |
0 |
|a B379
|b .E28
|
| 082 |
0 |
|
|a 184
|2 19
|
| 100 |
1 |
|
|a Eckstein, Jerome.
|
| 245 |
1 |
4 |
|a The deathday of Socrates :
|b living, dying and immortality--the theater of ideas in Plato's Phaedo /
|c Jerome Eckstein.
|
| 263 |
|
|
|a 8104
|
| 264 |
|
1 |
|a Frenchtown, N.J. :
|b Columbia Pub. Co.,
|c [1981]
|
| 264 |
|
4 |
|c ©1981
|
| 300 |
|
|
|a x, 285 pages ;
|c 22 cm.
|
| 336 |
|
|
|a text
|b txt
|2 rdacontent
|
| 337 |
|
|
|a unmediated
|b n
|2 rdamedia
|
| 338 |
|
|
|a volume
|b nc
|2 rdacarrier
|
| 500 |
|
|
|a "Includes the entire text of Plato's Phaedo in Jowett's fourth revised edition"--Book jacket.
|
| 504 |
|
|
|a Includes bibliographical references.
|
| 600 |
0 |
0 |
|a Plato.
|t Phaedo.
|
| 600 |
0 |
0 |
|a Socrates.
|
| 650 |
|
0 |
|a Immortality (Philosophy)
|
| 650 |
|
0 |
|a Suicide.
|
| 650 |
|
0 |
|a Death.
|
| 700 |
0 |
|
|a Plato.
|t Phaedo.
|l English.
|
| 999 |
|
|
|a MARS
|
| 999 |
f |
f |
|s c184104a-2fff-3753-a08e-b084221586f6
|i 9403e73a-0aed-3847-ba42-aedcada4a96f
|t 0
|
| 952 |
f |
f |
|p normal
|a Texas A&M University
|b College Station
|c Sterling C. Evans Library
|d Evans: Library Stacks
|t 0
|e B379 .E28
|h Library of Congress classification
|i unmediated -- volume
|m A14806076739
|
| 998 |
f |
f |
|a B379 .E28
|t 0
|l Evans: Library Stacks
|